Countries by Category - Statistics

General Stats
  • This quiz has been taken 900 times
    514 since last reset
  • The average score is 29 of 34
Answer Stats
Country Answer % Correct
North ____ North Korea
98%
South ____ South Korea
98%
United ____ _ ____ United States of America
98%
Democratic Republic _ __ ____ Democratic Republic of the Congo
96%
Equatorial ____ Equatorial Guinea
96%
____-stan Pakistan
96%
East ____ East Timor
94%
____-stan Uzbekistan
94%
____-stan Afghanistan
93%
South ____ South Africa
93%
South ____ South Sudan
93%
____-stan Turkmenistan
93%
United ____ United Kingdom
92%
____-stan Kazakhstan
89%
Saint ____ and ____ Saint Kitts and Nevis
89%
Saint ____ Saint Lucia
89%
____-stan Tajikistan
89%
United ___ ____ United Arab Emirates
89%
Saint ____ and the _____ Saint Vincent and the Grenadines
86%
____-land Iceland
85%
____-stan Kyrgyzstan
85%
____-land Ireland
83%
____ Islands Marshall Islands
83%
North ____ North Macedonia
83%
____ Islands Solomon Islands
83%
____-land Finland
77%
____ Republic Dominican Republic
76%
____-lands Netherlands
73%
____-land Poland
71%
____-land Thailand
64%
____ Republic Czech Republic
61%
____-land Switzerland
60%
____ ____-land New Zealand
57%
____ ____ Republic Central African Republic
53%
No matching quizzes found
Score Distribution
Percent of People with Each Score
Percentile by Number Answered
Your Score History
You have not taken this quiz since the last reset